Biblioteca

Ensayo sobre el catolicismo, el liberalismo y el socialismo (Registro nro. 69225)

Detalles MARC
000 -LÍDER
Campo fijo de descripción fija 02314aam a2200373 i 4500
001 - NÚMERO DE CONTROL
Campo de control 768714001
003 - IDENTIFICADOR DEL NÚMERO DE CONTROL
Campo de control CO-MdFUSB
005 - FECHA Y HORA DE LA ULTIMA TRANSACCIÓN
control field 20231109144111.0
007 - CAMPO FIJO DE DESCRIPCIÓN FIJA--INFORMACIÓN GENERAL
Campo fijo de descripción fija ta
008 - ELEMENTOS DE LONGITUD FIJA -- INFORMACIÓN GENERAL
Campo fijo de descripción fija -- Información general 231030t20032003spaa||ag |||| 00| 0 spa d
020 ## - NÚMERO INTERNACIONAL NORMALIZADO PARA LIBROS
Número Internacional Normalizado del libro 8474550912
040 ## - FUENTE DE CATALOGACIÓN
Agencia de catalogación original CO-MdFUSB
Idioma de catalogación spa
Agencia que realiza la transcripción CO-MdFUSB
Agencia que realiza la modificación CO-MdFUSBC
Convenciones de la descripción rda
041 ## - CÓDIGO DE IDIOMA
Código de idioma para texto/pista de sonido o título separado spa
082 ## - NÚMERO DE CLASIFICACIÓN DECIMAL DEWEY
Número de la edición del Dewey 23
Número de clasificación 282
Clave de autor-Numero de item D687
100 ## - ASIENTO PRINCIPAL--NOMBRE PERSONAL
Nombre personal Donoso-Cortés, Juan,
Término relacionador autor
245 13 - TÍTULO
Título del Material Ensayo sobre el catolicismo, el liberalismo y el socialismo
Mención de responsabilidad, etc. / Juan Donoso-Cortés ; editado por José Luis de Celis
250 ## - MENCIÓN DE EDICIÓN
Mención de edición 1° edición
264 #1 - PRODUCCIÓN, PUBLICACIÓN, DISTRIBUCIÓN, MANUFACTURA, Y COPYRIGHT
Lugar de producción, publicación, distribución, manufactura Salamanca, España :
Nombre del productor, publicador, distribuidor Almar,
Fecha de producción, publicación, distribución, manufactura, o copyright [2003]
264 #4 - PRODUCCIÓN, PUBLICACIÓN, DISTRIBUCIÓN, MANUFACTURA, Y COPYRIGHT
Fecha de producción, publicación, distribución, manufactura, o copyright ©2003
300 ## - DESCRIPCIÓN FÍSICA
Extensión 338 páginas
Dimensiones ; 23 cm
336 ## - TIPO DE CONTENIDO
Fuente rdacontent
Término de tipo de contenido texto
Código de tipo de contenido txt
337 ## - TIPO DE MEDIO
Fuente rdamedia
Nombre del tipo de medio sin mediación
Código del tipo de medio n
338 ## - TIPO DE SOPORTE
Fuente rdacarrier
Nombre del tipo de soporte volumen
Código Tipo de soporte nc
490 ## - MENCIÓN DE SERIE
Mención de serie Biblioteca del pensamiento conservador
504 ## - NOTA DE BIBLIOGRAFÍA, ETC.
Nota de bibliografía, etc incluye índice
505 ## - NOTA DE CONTENIDO
Título Libro primero: Del catolicismo
Nota de contenido con formato preestablecido De como en toda gran cuestión política va envuelta siempre un gran cuestión teológica -- De la sociedad bajo el imperio de la teología católica -- De la sociedad bajo el imperio de la iglesia católica -- Que nuestro señor Jesucristo ha triunfado del mundo exclusivamente por medios sobre naturales.
505 ## - NOTA DE CONTENIDO
Título Libro segundo: Problemas y soluciones relativas al orden en general
Nota de contenido con formato preestablecido Del libre albedrio del hombre -- Se da respuesta a algunas objeciones relativas a este dogma -- Maniqueísmo. Maniqueísmo proudhoniano y el de la libertad, sin caer en la teoría de la rivalidad entre Dios y el hombre -- De como Dios saca el bien de la prevaricación Angelica y de la humana -- Soluciones socialistas.
505 ## - NOTA DE CONTENIDO
Título Libro tercero: Problemas y soluciones relativas al orden en la humanidad
Nota de contenido con formato preestablecido Transmisión de la culpa, dogma de la imputación -- De como saca Dios el bien de la transmisión de la culpa y de la pena, y de la acción purificante del dolor libremente aceptado -- Dogmas correlativos al de la solidaridad; los sacrificios sangrientos; teorías de las escuelas racionalista acerca de la pena de muerte -- De la Encarnación del hijo del Dios y de la redención del género humano.
563 ## - NOTA DE ENCUADERNACIÓN
Nota de encuadernación Rústico.
650 #7 - ASIENTO SECUNDARIO DE MATERIA - TERMINO TEMÁTICO
Fuente del encabezamiento o término embne
9 (RLIN) 7033
Término temático o nombre geográfico como elemento de entrada Historia
Subdivisión general Aspectos religiosos
-- Iglesia Católica
700 ## - ASIENTO SECUNDARIO - NOMBRE PERSONAL
9 (RLIN) 8887
Nombre personal Celis, José Luis de,
Responsabilidad editor
942 ## - TIPO DE MATERIAL (KOHA)
Tipo de Item KOHA Libros General
945 ## - INFORMACIÓN LOCAL DEL REGISTRO
Catalogador sor1564
Existencias
Estado de Material Estado de Perdido Forma de Clasificación Estado de Dañado No para Préstamo Colección Biblioteca de Origen Biblioteca Permanente Fecha de Adquisición Área Total de Préstamos Signatura Topográfica Código de Barras Última vez visto Ejemplar/Existencia Fecha de Remplazo Tipo de Material
    Dewey Decimal Classification     Colección General Biblioteca FUSBC Biblioteca FUSBC 30/10/2023 HISTORIA   G 282 D687e 22350 30/10/2023 Ej. 1 30/10/2023 Libros General

Biblioteca FUSBC | Teléfono: (57+4) 349 88 10 Ext. 141| WhatsApp (+57) 3005338115 
E-mail: biblioteca@unisbc.edu.co | Calle 76 87-14 Robledo Palenque, Medellín, Colombia

Con tecnología Koha